| 000 | 00377nam a2200133Ia 4500 | ||
|---|---|---|---|
| 008 | 150201s2014 xx 000 0 und d | ||
| 082 |
_a4.6 _bCOM |
||
| 100 | _aComer,Douglas E | ||
| 245 | _aInternetworking with TCP/IP Principles protocols and architecture | ||
| 250 | _a6th Ed. | ||
| 260 |
_bPHI Learning Private Limited _aNew Delhi _c2014 |
||
| 300 | _a698p. | ||
| 942 |
_2ddc _cBK |
||
| 999 |
_c5689 _d5689 |
||